Văn kiện đại hội đại biểu toàn quốc lần thứ X

Các văn kiện của Đại hội kết tinh trí tuệ và ý chí của toàn Đảng, toàn dân và toàn quân ta, là sự tổng kết sâu sắc thực tiễn và lý luận 20 năm đổi mới để tiếp tục hoàn thiện và phát triển bền vững đường lối, quan điểm đổi mới...

Description complète

Enregistré dans:
Détails bibliographiques
Collectivité auteur: Đảng Cộng Sản Việt Nam
Format: Livre
Langue:Undetermined
Publié: Hà Nội Chính trị Quốc gia 2006
Sujets:
Tags: Ajouter un tag
Pas de tags, Soyez le premier à ajouter un tag!
Thư viện lưu trữ: Trung tâm Học liệu Trường Đại học Cần Thơ
LEADER 01140nam a2200217Ia 4500
001 CTU_110327
008 210402s9999 xx 000 0 und d
020 |c 20000 
082 |a 324.597075 
082 |b Đ106 
110 |a Đảng Cộng Sản Việt Nam 
245 0 |a Văn kiện đại hội đại biểu toàn quốc lần thứ X 
245 0 |c Đảng Cộng Sản Việt Nam 
260 |a Hà Nội 
260 |b Chính trị Quốc gia 
260 |c 2006 
520 |a Các văn kiện của Đại hội kết tinh trí tuệ và ý chí của toàn Đảng, toàn dân và toàn quân ta, là sự tổng kết sâu sắc thực tiễn và lý luận 20 năm đổi mới để tiếp tục hoàn thiện và phát triển bền vững đường lối, quan điểm đổi mới toàn diện đất nước trong giai đoạn cách mạng mới. 
650 |a Đảng Công Sản,Communist parties 
650 |z Việt Nam,Vietnam 
904 |i M.Loan 
980 |a Trung tâm Học liệu Trường Đại học Cần Thơ